| Tag |
First Indicator |
Second Indicator |
Subfields |
| LEADER |
00000cam a22000001a 4500 |
| 001 |
in00003248708 |
| 006 |
m d f |
| 007 |
cr bn mmmapmmp |
| 008 |
090922s2000 dcu ob f000 0 eng d |
| 005 |
20260604203306.0 |
| 035 |
|
|
|a cis2007471686
|
| 040 |
|
|
|a UMI
|c UMI
|d UtOrBLW
|
| 043 |
|
|
|a n-us---
|
| 074 |
|
|
|a 1034-A
|
| 074 |
|
|
|a 1034-B (MF)
|
| 086 |
0 |
|
|a Y 4.AR 5/3:S.HRG.106-584
|
| 099 |
|
|
|a HRG-1999-SAS-0013
|
| 110 |
1 |
|
|a United States.
|b Congress.
|b Senate.
|b Committee on Armed Services.
|
| 245 |
1 |
0 |
|a Nominations before the Senate Armed Services Committee, first session, 106th Congress :
|b hearings before the Committee on Armed Services, United States Senate, One Hundred Sixth Congress, first session, on nominations of Brian E. Sheridan; Dr. Lawrence J. Delaney; Dr. Carolyn L. Huntoon; Gen. Eric K. Shinseki; Lt. Gen. James L. Jones, Jr; F. Whitten Peters; Arthur L. Money; Carol A. DiBattiste; Charles A. Blanchard; Gen. Henry H. Shelton; Gen. Joseph W. Ralston; Gen. Richard B. Myers; Gen. Thomas A. Schwartz; Gen. Ralph Eberhart; Alphonso Maldon, Jr. and John K. Veroneau, March 2; April 27; May 4; June 8; July 21; August 3; September 9, October 27; November 4, 1999.
|
| 264 |
|
1 |
|a Washington :
|b U.S. G.P.O. :
|c 2000.
|
| 264 |
|
2 |
|a Washington :
|b [U.S. G.P.O., Supt. of Docs., Congressional Sales Office, distributor],
|
| 300 |
|
|
|a 1 online resource.
|
| 336 |
|
|
|a text
|b txt
|2 rdacontent
|
| 337 |
|
|
|a computer
|b c
|2 rdamedia
|
| 338 |
|
|
|a online resource
|b cr
|2 rdacarrier
|
| 490 |
1 |
|
|a S. hrg. ;
|v 106-584
|
| 500 |
|
|
|a Record is based on bibliographic data in ProQuest Congressional Hearings Digital Collection. Reuse except for individual research requires license from ProQuest, LLC.
|
| 504 |
|
|
|a Includes bibliographical references.
|
| 538 |
|
|
|a System requirements: PDF reader software.
|
| 500 |
|
|
|a Electronic resource.
|
| 600 |
1 |
0 |
|a Sheridan, Brian Edward,
|d 1960-
|
| 600 |
1 |
0 |
|a Delaney, Lawrence John,
|d 1935-
|
| 600 |
1 |
0 |
|a Huntoon, Carolyn Leach.
|
| 610 |
1 |
0 |
|a United States.
|b Assistant Secretary of Defense for Special Operations and Low-Intensity Conflict
|x Officials and employees
|x Selection and appointment.
|
| 610 |
1 |
0 |
|a United States.
|b Air Force
|x Officials and employees
|x Selection and appointment.
|
| 610 |
1 |
0 |
|a United States.
|b Department of Defense
|x Officials and employees
|x Selection and appointment.
|
| 610 |
1 |
0 |
|a United States.
|b Department of Energy.
|b Office of Environmental Management
|x Officials and employees
|x Selection and appointment.
|
| 655 |
|
7 |
|a Electronic books.
|2 local
|
| 710 |
2 |
|
|a ProQuest (Firm)
|
| 776 |
0 |
8 |
|i Print version:
|a United States. Congress. Senate. Committee on Armed Services.
|t Nominations before the Senate Armed Services Committee, first session, 106th Congress
|w (GPO)99059726
|w (OCoLC)ocm44901824
|
| 776 |
0 |
8 |
|i Microfiche version:
|a United States. Congress. Senate. Committee on Armed Services.
|t Nominations before the Senate Armed Services Committee, first session, 106th Congress.
|d [Bethesda, Md.] : ProQuest,[2004]
|o CIS 00 S201-19
|w (ProQuest)cis00001715
|
| 810 |
1 |
|
|a United States.
|b Congress.
|b Senate.
|t S. hrg. ;
|v 106-584.
|
| 830 |
|
0 |
|a U.S. Congressional Hearings.
|
| 856 |
4 |
0 |
|u http://proxy.library.tamu.edu/login?url=https://congressional.proquest.com/congcomp/getdoc?HEARING-ID=HRG-1999-SAS-0013
|z Connect to the full text of this electronic book
|t 0
|
| 998 |
|
|
|a cis00001715
|
| 999 |
|
|
|a MARS
|
| 999 |
f |
f |
|s 66be789b-f0f6-35fc-9f18-693b5ea96572
|i cf148505-880b-385d-a149-f84b4972f226
|t 0
|
| 952 |
f |
f |
|a Texas A&M University
|b College Station
|c Electronic Resources
|s www_evans
|d Available Online
|t 0
|e HRG-1999-SAS-0013
|h Other scheme
|
| 998 |
f |
f |
|a HRG-1999-SAS-0013
|t 0
|l Available Online
|